Handbook on Partnership and Corporation Accounting / (Record no. 11862)

MARC details
000 -LEADER
fixed length control field 00741nam a22002417i 4500
003 - CONTROL NUMBER IDENTIFIER
control field URS
005 - DATE AND TIME OF LATEST TRANSACTION
control field 20220117094911.0
008 - FIXED-LENGTH DATA ELEMENTS--GENERAL INFORMATION
fixed length control field 170523b xxu||||| |||| 00| 0 eng d
020 ## - INTERNATIONAL STANDARD BOOK NUMBER
International Standard Book Number ---
040 ## - CATALOGING SOURCE
Description conventions rda
Transcribing agency College
Language of cataloging eng
050 00 - LIBRARY OF CONGRESS CALL NUMBER
Classification number HF5686
Item number M3195 1994
100 1# - MAIN ENTRY--PERSONAL NAME
Personal name Manuel, Zenaida Vera Cruz,
Relator term author
245 10 - TITLE STATEMENT
Title Handbook on Partnership and Corporation Accounting /
Statement of responsibility, etc. Manuel, Zenaida Vera Cruz
250 ## - EDITION STATEMENT
Edition statement Sixth Edition.
264 #1 - PRODUCTION, PUBLICATION, DISTRIBUTION, MANUFACTURE, AND COPYRIGHT NOTICE
Place of production, publication, distribution, manufacture [sine loco]
Name of producer, publisher, distributor, manufacturer [publisher not identified]
Date of production, publication, distribution, manufacture, or copyright notice 1994.
300 ## - PHYSICAL DESCRIPTION
Extent [vi], 244 pages ;
Dimensions 26 cm.
336 ## - CONTENT TYPE
Source rdacontent
Content type term text
337 ## - MEDIA TYPE
Source rdamedia
Media type term unmediated
338 ## - CARRIER TYPE
Source rdacarrier
Carrier type term volume
650 ## - SUBJECT ADDED ENTRY--TOPICAL TERM
Topical term or geographic name entry element Corporations -- Accounting.
650 ## - SUBJECT ADDED ENTRY--TOPICAL TERM
Topical term or geographic name entry element Partnership -- Accounting.
942 ## - ADDED ENTRY ELEMENTS (KOHA)
Source of classification or shelving scheme Library of Congress Classification
Koha item type Filipiniana
Holdings
Withdrawn status Source of classification or shelving scheme Damaged status Not for loan Home library Current library Shelving location Date acquired Total Checkouts Full call number Barcode Date last seen Price effective from Koha item type
  Library of Congress Classification     Binangonan College Library Binangonan College Library   10/08/2025   HF5686 M3195 1994 URSBIN-F2738 10/08/2025 10/08/2025 Filipiniana
  Library of Congress Classification     Rodriguez College Library Rodriguez College Library Reference 05/23/2017   HF5686 M3195 1994 URSROD-3235 05/23/2017 05/23/2017 Filipiniana

University of Rizal System
Email us at univlibservices@urs.edu.ph

Visit our Website www.urs.edu.ph/library